000 00959nam a22002297a 4500
005 20260211162840.0
008 260211b |||||||| |||| 00| 0 eng d
020 _a8185999910 (hbk)
037 _cTB
040 _aCRL
_cCRL
041 _2hin
_ahin
084 _aO152,2:gN P6
_qCRL
100 _aगौतम, रमेश
_91115370
245 _aरंगानुभव के बहुरंग
260 _aदिल्ली, भारत:
_bस्वराज प्रकाशन,
_c2006.
300 _a262पृ.
365 _b495.00
_cINR
650 _aहिन्दी नाटक
_91115371
650 _aहिन्दी साहित्य
_91115372
942 _2CC
_cTB
_hO152,2:gN P6
_n0
999 _c1679404
_d1679404